European Capitals From Greek To English - Statistics

General Stats
  • This quiz has been taken 225 times
  • The average score is 14 of 18
Answer Stats
Greek English % Correct
Κίεβο Kyev
97%
Σόφια Sofia
93%
Μόσχα Moscow
89%
Βρυξέλλες Brussels
86%
Μαδρίτη Madrid
86%
Ρώμη Rome
85%
Στοκχόλμη Stockholm
85%
Ζάγκρεμπ Zagreb
83%
Βερολίνο Berlin
80%
Βελιγράδι Belgrade
79%
Βιέννη Vienna
79%
Δουβλίνο Dublin
76%
Λονδίνο London
76%
Λισαβώνα Lisbon
75%
Μπρατισλάβα Bratislava
72%
Ρέικιαβικ Reykjavik
70%
Κισινάου Chisinau
63%
Βαρσοβία Warsaw
60%
No matching quizzes found
Score Distribution
Percent of People with Each Score
Percentile by Number Answered
Your Score History
You have not taken this quiz